<?xml version="1.0" encoding="UTF-8"?>
<record
    xmlns:xsi="http://www.w3.org/2001/XMLSchema-instance"
    xsi:schemaLocation="http://www.loc.gov/MARC21/slim http://www.loc.gov/standards/marcxml/schema/MARC21slim.xsd"
    xmlns="http://www.loc.gov/MARC21/slim">

  <leader>01516cam a2200325 i 4500</leader>
  <controlfield tag="001">9717</controlfield>
  <controlfield tag="003">BD-RjUL</controlfield>
  <controlfield tag="005">20211208234826.0</controlfield>
  <controlfield tag="008">140121s1980    ne a     b    101 0 eng  </controlfield>
  <datafield tag="020" ind1=" " ind2=" ">
    <subfield code="a">0444418563 :</subfield>
  </datafield>
  <datafield tag="020" ind1=" " ind2=" ">
    <subfield code="a">0444416994 (series)</subfield>
  </datafield>
  <datafield tag="035" ind1=" " ind2=" ">
    <subfield code="a">(BD-RjUL)9762</subfield>
  </datafield>
  <datafield tag="040" ind1=" " ind2=" ">
    <subfield code="a">DLC</subfield>
    <subfield code="c">DLC</subfield>
    <subfield code="d">DLC</subfield>
    <subfield code="d">ICU</subfield>
    <subfield code="d">BD-RjUL</subfield>
    <subfield code="b">eng</subfield>
  </datafield>
  <datafield tag="041" ind1=" " ind2=" ">
    <subfield code="a">eng</subfield>
  </datafield>
  <datafield tag="082" ind1="0" ind2="0">
    <subfield code="a">539.6</subfield>
    <subfield code="b">EUS 1980</subfield>
  </datafield>
  <datafield tag="111" ind1="2" ind2=" ">
    <subfield code="a">European Congress on Molecular Spectroscopy</subfield>
    <subfield code="n">(14th :</subfield>
    <subfield code="d">1979 :</subfield>
    <subfield code="c">Frankfurt am Main, Germany)</subfield>
    <subfield code="9">30054</subfield>
  </datafield>
  <datafield tag="245" ind1="1" ind2="0">
    <subfield code="a">Spectroscopy in chemistry and physics :</subfield>
    <subfield code="b">modern trends : a collection of the invited papers /</subfield>
    <subfield code="c">presented at the XIVth European Congress on Molecular Spectroscopy, Frankfurt/Main, 3-7 September 1979 ; edited by F. J. Comes, A. M&#xFC;ller, W. J. Orville-Thomas.</subfield>
  </datafield>
  <datafield tag="260" ind1=" " ind2=" ">
    <subfield code="a">Amsterdam ;</subfield>
    <subfield code="a">New York :</subfield>
    <subfield code="b">Elsevier Scientific Pub. Co. ;</subfield>
    <subfield code="a">New York :</subfield>
    <subfield code="b">distributors for the U.S. and Canada, Elsevier/North Holland,</subfield>
    <subfield code="c">1980.</subfield>
  </datafield>
  <datafield tag="300" ind1=" " ind2=" ">
    <subfield code="a">ix, 342 p. :</subfield>
    <subfield code="b">ill. ;</subfield>
    <subfield code="c">25 cm.</subfield>
  </datafield>
  <datafield tag="500" ind1=" " ind2=" ">
    <subfield code="a">"These papers have been published as a special issue of Journal of molecular structure, volume 59, 1980."</subfield>
  </datafield>
  <datafield tag="504" ind1=" " ind2=" ">
    <subfield code="a">Includes bibliographical references and indexes.</subfield>
  </datafield>
  <datafield tag="650" ind1=" " ind2="0">
    <subfield code="a">Molecular spectroscopy</subfield>
    <subfield code="x">Congresses.</subfield>
    <subfield code="9">30045</subfield>
  </datafield>
  <datafield tag="700" ind1="1" ind2=" ">
    <subfield code="a">Comes, F. J.</subfield>
    <subfield code="q">(Franz Josef),</subfield>
    <subfield code="d">1928-</subfield>
    <subfield code="9">30046</subfield>
  </datafield>
  <datafield tag="700" ind1="1" ind2=" ">
    <subfield code="a">M&#xFC;ller, Achim,</subfield>
    <subfield code="d">1938-</subfield>
    <subfield code="9">30047</subfield>
  </datafield>
  <datafield tag="700" ind1="2" ind2=" ">
    <subfield code="a">Orville-Thomas, W. J.,</subfield>
    <subfield code="d">1921-</subfield>
    <subfield code="9">30048</subfield>
  </datafield>
  <datafield tag="942" ind1=" " ind2=" ">
    <subfield code="2">ddc</subfield>
    <subfield code="c">BK</subfield>
  </datafield>
  <datafield tag="999" ind1=" " ind2=" ">
    <subfield code="c">9717</subfield>
    <subfield code="d">9717</subfield>
  </datafield>
  <datafield tag="952" ind1=" " ind2=" ">
    <subfield code="0">0</subfield>
    <subfield code="1">0</subfield>
    <subfield code="2">ddc</subfield>
    <subfield code="4">0</subfield>
    <subfield code="7">1</subfield>
    <subfield code="8">NFIC</subfield>
    <subfield code="a">RUCL</subfield>
    <subfield code="b">RUCL</subfield>
    <subfield code="c">Reading</subfield>
    <subfield code="d">1984-08-29</subfield>
    <subfield code="e">A. B. A. Cal.</subfield>
    <subfield code="g">760.00</subfield>
    <subfield code="l">0</subfield>
    <subfield code="o">539.6 EUS 1980</subfield>
    <subfield code="r">2014-01-21 00:00:00</subfield>
    <subfield code="t">C-1</subfield>
    <subfield code="w">2014-01-21</subfield>
    <subfield code="y">BK</subfield>
  </datafield>
  <datafield tag="952" ind1=" " ind2=" ">
    <subfield code="0">0</subfield>
    <subfield code="1">0</subfield>
    <subfield code="2">ddc</subfield>
    <subfield code="4">0</subfield>
    <subfield code="7">0</subfield>
    <subfield code="8">NFIC</subfield>
    <subfield code="a">RUCL</subfield>
    <subfield code="b">RUCL</subfield>
    <subfield code="c">Stack</subfield>
    <subfield code="d">1984-08-29</subfield>
    <subfield code="e">A.B.A cal</subfield>
    <subfield code="g">760.00</subfield>
    <subfield code="l">0</subfield>
    <subfield code="o">539.6 EUS 1980</subfield>
    <subfield code="r">2016-11-05 00:00:00</subfield>
    <subfield code="t">C-2</subfield>
    <subfield code="w">2016-11-05</subfield>
    <subfield code="y">BK</subfield>
  </datafield>
</record>
